| 000 | 00964nam0a22002651 4500 | ||
|---|---|---|---|
| 001 | rc\116193 | ||
| 005 | 20260406125305.0 | ||
| 010 |
_a5-7529-1310-1 _95000 |
||
| 035 | _a(NLR Aleph) 005374911 | ||
| 090 |
_a7039167 _c7039167 |
||
| 100 | _a20021216d1995 |||y0rusy50 ca | ||
| 101 | 0 | _arus | |
| 102 | _aRU | ||
| 105 | _aa ||||||||| | ||
| 200 | 1 |
_aТепло и сила _e[Трест] "Уралэнергомонтаж" _eСтраницы истории, 1925-1945 _f[Авт.-сост. Р.В. Лапина] |
|
| 210 |
_aЕкатеринбург _cСред.-Урал. кн. изд-во _d1995 |
||
| 215 |
_a241, [7] с. _cил. _d21 |
||
| 320 | _aБиблиогр. в конце текста | ||
| 702 | 1 |
_aЛапина _bР.В. _4220 |
|
| 712 | 0 | 2 |
_a"Уралэнергомонтаж", трест _cЕкатеринбург _3RU\NLR\AUTH\8818503 _9310234 |
| 801 | 0 |
_aRU _bNLR _gpsbo |
|
| 801 | 1 |
_aRU _bELAR _2rusmarc |
|
| 852 |
_aNLR _j95-3/8570 |
||
| 942 | _cBOOK | ||
| 980 | _aNB | ||